| 000 | 00624nam a22002297a 4500 | ||
|---|---|---|---|
| 003 | UA-OsUOA | ||
| 001 | 94897 | ||
| 007 | ta | ||
| 008 | 20130219b un ||||| |||| 00| 0 ukr d | ||
| 100 | _aДобозі І. | ||
| 090 |
_a821.511.141 _bД55 |
||
| 942 | _cBK | ||
| 040 |
_aUA-OsUOA _bukr _cUA-OsUOA _dUA-OsUOA |
||
| 245 |
_aУнтер-офіцер та інші... Косогір _bповісті |
||
| 300 | _a230 с. | ||
| 955 | _a3 | ||
| 041 | _aukr | ||
| 080 | _a821.511.141 | ||
| 260 |
_aК. _bДніпро _c1980 |
||
| 650 | 7 |
_a82 Література. Літературознавство _2UDC |
|
| 999 |
_c381113 _d381113 |
||